Don Antonio Cánovas del Castillo / (Record no. 180920)

MARC details
000 -LEADER
campo de control de longitud fija 00898nam a2200193 i 4500
001 - NÚMERO DE CONTROL
campo de control 180920
003 - IDENTIFICADOR DE NÚMERO DE CONTROL
campo de control ES-MaACL
005 - FECHA Y HORA DE LA ÚLTIMA TRANSACCIÓN
campo de control 20230906221222.0
008 - DATOS DE LONGITUD FIJA--INFORMACIÓN GENERAL
campo de control de longitud fija 120829s1987 sp |||| | spa d
080 ## - NÚMERO DE LA CLASIFICACIÓN DECIMAL UNIVERSAL
Número de la Clasificación Decimal Universal 929 Cánovas del Castillo, Antonio
100 1# - ENTRADA PRINCIPAL--NOMBRE DE PERSONA
Nombre de persona Cánovas del Castillo, Juan Antonio.
9 (RLIN) 34606
245 10 - MENCIÓN DEL TÍTULO
Título Don Antonio Cánovas del Castillo /
Mención de responsabilidad, etc. Juan Antonio Cánovas del Castillo.
260 ## - PUBLICACIÓN, DISTRIBUCIÓN, ETC.
Lugar de publicación, distribución, etc. [S.l. :
Nombre del editor, distribuidor, etc. s.n.,
Fecha de publicación, distribución, etc. 1987?]
300 ## - DESCRIPCIÓN FÍSICA
Extensión P. [223]-236 ;
Dimensiones 24 cm.
500 ## - NOTA GENERAL
Nota general Conferencia pronunciada el 19 de mayo de 1981 con motivo de los homenajes organizados por la Real Academia de Jurisprudencia y Legislación a los personajes que fueron Presidentes del Consejo de Ministros y Presidentes de la Academia.
600 14 - PUNTO DE ACCESO ADICIONAL DE MATERIA--NOMBRE DE PERSONA
Nombre de persona Cánovas del Castillo, Antonio, 1828-1897-
Subdivisión de forma Homenajes
9 (RLIN) 34602
852 ## - LOCALIZACIÓN
Ubicación ES-MaACL
Número de control de estantería 2318-F-3
Nota libre .- Dedicatoria manuscrita del autor
Holdings
Estatus retirado Estado de pérdida Estado de daño No para préstamo Colección Biblioteca de origen Biblioteca actual Ubicación en estantería Fecha de adquisición Fuente de adquisición Total de préstamos Signatura topográfica completa Código de barras Visto por última vez Precio de reemplazo Tipo de ítem Koha
        Colección de folletos Biblioteca del Ateneo de Madrid Biblioteca del Ateneo de Madrid Depósito folletos 29/08/2012     2318-F-3 1190117 23/02/2023 23/02/2023 Folleto